Demokratik sol düşünce forumu (Record no. 674)
[ view plain ]
| 000 -BAŞLIK | |
|---|---|
| Sabit Uzunlukta Kontrol Alanı | 00835na a2200265 4500 |
| 001 - KONTROL NUMARASI | |
| Denetim Alanı | 17431 |
| 003 - KONTROL NUMARASI IDENTIFIER | |
| Denetim Alanı | MIRAKIL |
| 005 - SON İŞLEM TARİHİ VE ZAMANI | |
| Denetim Alanı | 20181213154757.0 |
| 008 - SABİT-BOY VERİ ELEMANLARI - GENEL BİLGİLER | |
| Sabit Uzunlukta Kontrol Alanı | 161024b tu 000 0 |
| 035 ## - SİSTEM KONTROL NUMARASI | |
| Sistem Kontrol Numarası | 17431 |
| 040 ## - KATALOGLAMA KAYNAK | |
| Orijinal Kataloglama Ajansı | Milas |
| Kataloglama Dili | tur |
| Metne Dönüştürmek Ajansı | TR-AnCHP |
| 041 ## - DİL KODU | |
| Metin / Ses Parça Veya Ayrı Başlığın Dil Kodu | tur |
| 082 ## - DEWEY ONLU SINIFLANDIRMA NUMARASI | |
| Sınıflandırma Numarası | CHP 302.35 |
| Ürün Numarası | D35 1976 |
| 090 ## - SINIFLAMA NUMARASI | |
| Sınıflama Numarası | CHP 302.35 D35 1976 |
| 245 ## - BAŞLIK TABLOSU | |
| Başlık | Demokratik sol düşünce forumu |
| Sorumluluk Tablosu, Vb | CHP Gençlik Kolları |
| 260 ## - YAYIN, DAĞITIM, VB | |
| Yayın, Dağıtım, Vb Yeri | Ankara |
| Yayıncı, Dağıtıcı, Vs Adı | CHP |
| Yayın, Dağıtım, Vb Tarihi | 1976 |
| 300 ## - FİZİKSEL TANIM | |
| Kapsam | 3 c. |
| Boyutlar | 19 sm. |
| 490 ## - SERİSİ TABLOSU | |
| Seri Beyanı | Bilim Dizisi |
| Hacim / Ardışık Tanımı | 3-5 |
| 500 ## - GENEL NOT | |
| Genel Not | c.1 Örgütlenme üzerine... -- c.2 Öz yönetim ve halk sektörü... -- c.3 Sanayileşme üzerine... |
| 610 ## - KONU KATMA GİRİŞ - TOPLANTI ADI | |
| Giriş Elemanı Olarak Kurumsal Ad Veya Yargı Alanı Adı | CHP |
| Genel Alt Bölüm | Demokratik sol |
| Kronolojik Alt Bölüm | Örgütlenme |
| 610 ## - KONU KATMA GİRİŞ - TOPLANTI ADI | |
| Giriş Elemanı Olarak Kurumsal Ad Veya Yargı Alanı Adı | CHP |
| Genel Alt Bölüm | Demokratik sol |
| Kronolojik Alt Bölüm | Öz yönetim |
| 610 ## - KONU KATMA GİRİŞ - TOPLANTI ADI | |
| Giriş Elemanı Olarak Kurumsal Ad Veya Yargı Alanı Adı | CHP |
| Genel Alt Bölüm | Demokratik sol |
| Kronolojik Alt Bölüm | Sanayileşme |
| 740 ## - KATMA GİRİŞ - KONTROLSUZ İLGİLİ / ANALİTİK BAŞLIK | |
| Kontrol Edilmeyen / İlgili Analitik Başlıktaki | Demokratik Sol Düşünce Forumu |
| 942 ## - EKLENDİ GİRİŞ ELEMANLARI (KOHA) | |
| Sınıflandırma Veya Raf Düzeni Kaynak | Dewey Decimal Classification |
| Koha Öğesi Türü | Books |
| 999 ## - SİSTEM KONTROL NUMARALARI (KOHA) | |
| Koha Biblionumber | 674 |
| Koha Biblioitemnumber | 674 |
| Kalıcı Konum | Mevcut Konum | Edinme Tarihi | Edinim Kaynak | Toplam Check-Out'Lar | Tam Çağrı Numarası | Barkod | Tarih Son Görülme | İtibaren Geçerli Fiyatlar | Koha Öğesi Türü | Seri Numaralandırma / Kronolojik | Kopya Sayısı |
|---|---|---|---|---|---|---|---|---|---|---|---|
| CHP Kütüphanesi | CHP Kütüphanesi | 10/24/2016 | Bağış | CHP 302.35 D35 1976 | 007142 | 10/24/2016 | 10/24/2016 | Books | |||
| CHP Kütüphanesi | CHP Kütüphanesi | 10/24/2016 | Bağış | CHP 302.35 D35 1976 | 007143 | 10/24/2016 | 10/24/2016 | Books | c.2 | ||
| CHP Kütüphanesi | CHP Kütüphanesi | 10/24/2016 | Bağış | CHP 302.35 D35 1976 | 007144 | 10/24/2016 | 10/24/2016 | Books | c.3 | ||
| CHP Kütüphanesi | CHP Kütüphanesi | 10/24/2016 | Bağış | CHP 302.35 D35 1976 | 007145 | 10/24/2016 | 10/24/2016 | Books | c.3 | k.2 |
